Представление документа в формате MARC21

Поле Инд. ПП Название Значение
Тип записи a
Библиографический уровень m
001 Контрольный номер 8e44d90e-9f82-4c6f-9223-806e60efc9de
005 Дата корректировки 20140703130527.3
008 Кодируемые данные 040406
020 a ISBN 5-9221-0482-9
c Цена, тираж 38.00
040 a Служба первич. каталог. НБ ТвГУ
041 a Код языка текста rus
080 a Индекс УДК 542.65
a Индекс УДК 66.065.5-977
084 a Индекс другой классификации/Индекс ББК В375.143.1
a Индекс другой классификации/Индекс ББК В368.1
090 a Полочн. индекс В375.1
x Авторский знак Б14
100 1_ a Автор Багдасаров Хачик Саакович
245 00 a Заглавие Высокотемпературная кристаллизация из расплава
c Ответственность Х. С. Багдасаров
260 0_ a Место издания Москва
b Издательство Физматлит
c Дата издания 2004
300 a Объем 159 с.
b Иллюстрации/ тип воспроизводства табл.
504 a Библиография Библиогр.: с.154-159.
583 a Действие Получение впервые 138 30.03.2004
k Исполнитель действия Дар РГГУ
583 a Действие Приписка 154 15.04.2004
k Исполнитель действия Дар РГГУ
583 a Действие Приписка 376 7.10.2004
k Исполнитель действия Дар РГГУ
650 a Основная рубрика Расплавы
x Основная подрубрика Кристаллизация высокотемпературная
650 a Основная рубрика Твердые тела
x Основная подрубрика Физика
650 a Основная рубрика Высокие температуры
653 a Ключевые слова Высокие температуры
a Ключевые слова Высокотемпературная кристаллизация
a Ключевые слова Кристаллизация из расплавов
a Ключевые слова Расплавы
a Ключевые слова Твердые тела
a Ключевые слова Физика твердого тела
852 t Порядковый номер экземпляра 3
p Инвентарный номер 781050
p Инвентарный номер 781905
p Инвентарный номер 781051
852 t Порядковый номер экземпляра 1
p Инвентарный номер 790098
863 t 00027032
863 t 00027033
863 t 00026864
888 a бесплатно
952 p 138.2004 38.00 1 781050
p 138.2004 38.00 1 781051
p 154.2004 38.00 1 781905
p 376.2004 38.00 1 790098
c Вид литературы К рн
954 a Дата поступления на обработку 20040924
999 a Подразделение 2 Фил3
a Подразделение 2 кх.